000 00875cab a2200253 4500
001 ABS55334
008 090401t1996 xxu||||| |||| 00| 0 eng d
035 _a(Sirsi) u15821
041 _aeng
100 _aLayton, J
245 _aGive the PFI a fighting chance
260 _c1996
350 _a0
490 _aChartered Institute of Public Finance & Accountancy Journal
_v(6707) Supplement June 1996, 14-16(3)
520 _aArgues that the PFI will only be a success if the government provides more money and installs efficient control procedures. Outlines the pros and cons of the Private Finance Initiative.
650 _aCAPITAL INVESTMENT
650 _aLOCAL AUTHORITIES
650 _aPFI
650 _aPRIVATE FINANCE INITIATIVE
650 _aProcurement-old
690 _aPROPERTY-PROPERTY FINANCE AND INVESTMENT
942 _n0
948 _c04/03/1997
999 _c10411
_d10411